000
00290nam a22001337a 4500
008
181023b xxu||||| |||| 00| 0 eng d
020
_a
9780155066816
041
_a
eng
080
_2
2 ED
_a
370
100
_a
39
101
_a
EDU
245
_a
College Reading
_c
Maker.J
942
_2
udc
_c
BK
999
_c
50693
_d
50693